[Event "IV Open Internacional Calvia"]
[Site "Calvia"]
[Date "2007.10.19"]
[Round "5.43"]
[White "Olias Munoz, Francisco"]
[Black "Molina, Jorge"]
[Result "1-0"]
[WhiteElo "1950"]
[BlackElo "2201"]
[PlyCount "67"]
[EventDate "2007.??.??"]

1. e4 c6 2. d4 d5 3. exd5 cxd5 4. c4 Nf6 5. Nc3 e6 6. Nf3 Be7 7. Bd3 dxc4 8.
Bxc4 O-O 9. O-O a6 10. a4 Nc6 11. Be3 Nb4 12. Qe2 b6 13. Rfd1 Bb7 14. Ne5 Nbd5
15. Rac1 Qe8 16. Bb3 Rc8 17. f3 Nxe3 18. Qxe3 Qd8 19. Nxf7 Rxf7 20. Qxe6 Qf8
21. Ne4 Nxe4 22. fxe4 Bg5 23. Rxc8 Bxc8 24. Qd5 Be3+ 25. Kh1 g5 26. Rf1 Bf4 27.
g3 Bh3 28. Rf2 Kg7 29. gxf4 Rf6 30. Qxg5+ Rg6 31. Qe5+ Kh6 32. Bd1 Qc8 33. Qh5+
Kg7 34. f5 1-0

[Event "IV Open Internacional Calvia"]
[Site "Calvia"]
[Date "2007.10.19"]
[Round "5.44"]
[White "Edvardsen, Ingar"]
[Black "Mack, Wolfgang"]
[Result "1-0"]
[WhiteElo "1941"]
[BlackElo "2200"]
[PlyCount "109"]
[EventDate "2007.??.??"]

1. e4 g6 2. Nc3 Bg7 3. d4 d6 4. f4 a6 5. Nf3 b5 6. Bd3 Bb7 7. O-O c5 8. d5 c4
9. Be2 Nf6 10. a3 Qb6+ 11. Kh1 Ng4 12. Qe1 Ne3 13. Qf2 Nxd5 14. Nxd5 Qxf2 15.
Rxf2 Bxd5 16. exd5 Nd7 17. Ne1 Bd4 18. Rf1 Nf6 19. c3 Bc5 20. Bf3 h5 21. Nc2
Ng4 22. Bxg4 hxg4 23. Be3 Bxe3 24. Nxe3 f5 25. Rfe1 Kd7 26. Nc2 g5 27. fxg5 Rh5
28. g3 Rxg5 29. Re6 Rh8 30. Rae1 Rh7 31. Nd4 f4 32. gxf4 Rxd5 33. f5 g3 34.
R1e2 Rxh2+ 35. Rxh2 gxh2 36. Re2 a5 37. Rxh2 b4 38. Rh7 Ke8 39. Kg2 Re5 40. Kf2
Re4 41. Rh8+ Kd7 42. Ra8 Re5 43. Kf3 bxa3 44. bxa3 Kc7 45. Kf4 Kb7 46. Ra7+ Kb6
47. Rd7 Re1 48. Ne6 Kc6 49. Rc7+ Kd5 50. Rxe7 Rf1+ 51. Kg5 Rf3 52. f6 Rg3+ 53.
Kh6 Rxc3 54. Nf4+ Kc6 55. f7 1-0

[Event "IV Open Internacional Calvia"]
[Site "Calvia"]
[Date "2007.10.19"]
[Round "5.46"]
[White "Campos Calvo-Sotelo, Juan"]
[Black "Raznikov, Danny"]
[Result "1/2-1/2"]
[WhiteElo "1971"]
[BlackElo "2162"]
[PlyCount "97"]
[EventDate "2007.??.??"]

1. b4 e5 2. a3 d5 3. e3 Bd6 4. c4 c6 5. Bb2 Nf6 6. Nf3 Nbd7 7. Nc3 dxc4 8. Bxc4
O-O 9. O-O Nb6 10. Be2 Qe7 11. d3 Bg4 12. Ng5 Bxe2 13. Qxe2 Rad8 14. Nce4 Nxe4
15. Nxe4 Bb8 16. Rad1 Nd5 17. Nc3 Rc8 18. Nxd5 cxd5 19. Rc1 Bd6 20. Rc2 Rxc2
21. Qxc2 Qe6 22. Rc1 h5 23. Qb3 Re8 24. e4 d4 25. Qxe6 Rxe6 26. Rc8+ Kh7 27. b5
Re7 28. a4 Kg6 29. g3 Rc7 30. Rxc7 Bxc7 31. Kg2 Kf6 32. f4 Ke6 33. Kf3 Bd6 34.
fxe5 Bxe5 35. Ba3 g6 36. h3 a6 37. Bc5 axb5 38. axb5 Bg7 39. g4 hxg4+ 40. hxg4
Bf6 41. Ba7 Ke5 42. Bb8+ Ke6 43. Bc7 Be7 44. Kf4 g5+ 45. Kf3 Bd6 46. Ba5 Bc5
47. Bd2 Be7 48. Ba5 Bd6 49. Bb6 1/2-1/2

[Event "IV Open Internacional Calvia"]
[Site "Calvia"]
[Date "2007.10.19"]
[Round "5.47"]
[White "Babar, Michael"]
[Black "Moreno Garcia, Alfonso"]
[Result "1/2-1/2"]
[WhiteElo "2160"]
[BlackElo "2020"]
[PlyCount "178"]
[EventDate "2007.??.??"]

1. Nf3 Nf6 2. Nc3 g6 3. e4 d6 4. d4 Bg7 5. Bg5 c6 6. Qd2 b5 7. a3 O-O 8. Be2
Bb7 9. O-O Nbd7 10. Rad1 Qc7 11. Rfe1 e5 12. dxe5 dxe5 13. Qd6 Qxd6 14. Rxd6
Rfe8 15. Red1 Re7 16. Bh4 h6 17. Bxf6 Nxf6 18. Rd8+ Re8 19. Rxa8 Bxa8 20. Ne1
a5 21. b4 axb4 22. axb4 Bf8 23. Nd3 Bb7 24. Ra1 Ra8 25. Rxa8 Bxa8 26. f3 Nd7
27. Nd1 f5 28. Kf2 Kf7 29. c3 Bd6 30. Ne3 Ke6 31. Nc2 c5 32. exf5+ gxf5 33.
bxc5 Nxc5 34. Ndb4 Na4 35. c4 bxc4 36. Bxc4+ Kf6 37. Nd5+ Kg6 38. g3 Bc5+ 39.
Kg2 Nb2 40. Bb3 Nd3 41. Nde3 Bxe3 42. Nxe3 Ne1+ 43. Kf2 Nxf3 44. h3 Ng5 45. Bc2
Nxh3+ 46. Ke2 e4 47. Bb3 Ng5 48. Kf2 Kf6 49. Ba4 Nf7 50. Bd7 Nd6 51. Ke2 Bb7
52. Kf2 Ke5 53. Ng2 Bc8 54. Ba4 Be6 55. Bc6 Bd5 56. Bd7 Kd4 57. Ne3 Ke5 58. Ng2
Be6 59. Bc6 Nc4 60. Nf4 Bf7 61. Bd7 h5 62. Ng2 Be6 63. Be8 Kd4 64. Bxh5 e3+ 65.
Ke2 Bd5 66. Nf4 Be4 67. Bf7 Nd6 68. Ba2 Bc6 69. Ne6+ Ke4 70. Nc5+ Kd4 71. Ne6+
Ke4 72. Ng5+ Kd4 73. Ne6+ Ke4 74. Nc5+ Ke5 75. Kxe3 Bb5 76. Bg8 Nc4+ 77. Kf2
Nd2 78. Ke3 Nf1+ 79. Kf2 Nh2 80. Bb3 Ng4+ 81. Kg1 Kd4 82. Ne6+ Ke3 83. Bc2 Nh6
84. Kh2 Kf2 85. Bd1 Be2 86. Bxe2 Kxe2 87. Kh3 Kf3 88. Kh4 Ng4 89. Ng7 Ne3
1/2-1/2

[Event "IV Open Internacional Calvia"]
[Site "Calvia"]
[Date "2007.10.19"]
[Round "5.48"]
[White "Thollin, Robert"]
[Black "Cruz Condori, Alfredo"]
[Result "1/2-1/2"]
[WhiteElo "1964"]
[BlackElo "2149"]
[PlyCount "121"]
[EventDate "2007.??.??"]

1. e4 c5 2. Nc3 a6 3. g3 Nc6 4. Bg2 b5 5. d3 b4 6. Nce2 e5 7. f4 Nf6 8. Nf3 d6
9. O-O Be7 10. Be3 Rb8 11. c4 O-O 12. h3 g6 13. Qd2 Qc7 14. f5 Kh8 15. g4 gxf5
16. gxf5 Rg8 17. Ng5 Rg7 18. Kh2 Nd4 19. Bxd4 cxd4 20. Nf3 Bd7 21. Rg1 a5 22.
Bh1 Rbg8 23. Rxg7 Rxg7 24. Rg1 Rxg1 25. Kxg1 Qb8 26. Qe1 Ng8 27. h4 f6 28. Nd2
Bf8 29. Bf3 Bh6 30. Nf1 Ba4 31. b3 Be8 32. Nfg3 Ne7 33. Nh5 Bxh5 34. Bxh5 Qg8+
35. Kf1 Nc6 36. Qg3 Qf8 37. Ng1 Nb8 38. Bd1 Nd7 39. Qg4 Nc5 40. Bc2 Qe8 41. Nf3
Be3 42. Ne1 a4 43. Ng2 axb3 44. axb3 Bh6 45. Ne1 Bd2 46. Nf3 Be3 47. Nh2 Bf4
48. Nf3 Bc1 49. Ne1 Nb7 50. Kg2 Na5 51. Kh3 Nc6 52. Ng2 Ne7 53. Qd1 Bb2 54. Qg4
Ng8 55. Qd1 Nh6 56. Qf3 Bc3 57. Bd1 Bd2 58. Qe2 Bc1 59. Ne1 Ng8 60. Nc2 Qb8 61.
Ne1 1/2-1/2

[Event "IV Open Internacional Calvia"]
[Site "Calvia"]
[Date "2007.10.19"]
[Round "5.49"]
[White "Pons Servera, Cristobal"]
[Black "Abadia Pascual, Luis"]
[Result "1-0"]
[WhiteElo "2146"]
[BlackElo "1979"]
[PlyCount "83"]
[EventDate "2007.??.??"]

1. d4 f5 2. c4 Nf6 3. Nf3 g6 4. g3 Bg7 5. Bg2 d6 6. O-O O-O 7. Nc3 Nc6 8. d5
Ne5 9. Nxe5 dxe5 10. e4 f4 11. f3 g5 12. g4 a6 13. a4 e6 14. b3 exd5 15. cxd5
c6 16. Ba3 Qb6+ 17. Rf2 Rd8 18. Be7 Re8 19. d6 Be6 20. a5 Qe3 21. Qc2 h6 22.
Bf1 Nd7 23. Bc4 Bxc4 24. bxc4 Bf8 25. Bxf8 Kxf8 26. Na4 Nc5 27. Kg2 Nxa4 28.
Rxa4 Qc5 29. Qb1 Qxd6 30. Qxb7 Kg8 31. c5 Qxc5 32. Qb3+ Kh8 33. Rc2 Qd6 34.
Rac4 Rab8 35. Qc3 Rec8 36. Rxc6 Rxc6 37. Qxc6 Rd8 38. Rc5 Qd2+ 39. Kh3 Kg7 40.
Rxe5 Qd6 41. Qc3 Kh7 42. Rf5 1-0

[Event "IV Open Internacional Calvia"]
[Site "Calvia"]
[Date "2007.10.19"]
[Round "5.50"]
[White "Skage, Oystein Aagedal"]
[Black "Ferrer Roig, Juan"]
[Result "0-1"]
[WhiteElo "1956"]
[BlackElo "2130"]
[PlyCount "54"]
[EventDate "2007.??.??"]

1. e4 e6 2. d4 d5 3. Nc3 Nf6 4. e5 Nfd7 5. f4 c5 6. Nf3 Nc6 7. Be3 a6 8. Qd2 b5
9. a3 Qb6 10. Ne2 Be7 11. dxc5 Bxc5 12. Ned4 Nxd4 13. Nxd4 Qc7 14. Bd3 O-O 15.
O-O Nb6 16. b4 Be7 17. f5 exf5 18. Nxf5 Bxf5 19. Bxf5 Nc4 20. Qc3 g6 21. Bh3
Qxe5 22. Bd4 Qg5 23. Rae1 f5 24. Re6 Rf7 25. Rfe1 Bf8 26. Qf3 Nd2 27. Qxd5 Rd8
0-1

[Event "IV Open Internacional Calvia"]
[Site "Calvia"]
[Date "2007.10.19"]
[Round "5.52"]
[White "Ramon Sanchez Campins, Pedro"]
[Black "Tofte, Sondre Waage"]
[Result "0-1"]
[WhiteElo "1660"]
[BlackElo "2107"]
[PlyCount "76"]
[EventDate "2007.??.??"]

1. e4 e5 2. Nf3 Nc6 3. Bc4 Nf6 4. d3 Be7 5. Bg5 d6 6. h3 Na5 7. Nbd2 Nxc4 8.
Nxc4 Be6 9. b3 c6 10. O-O h6 11. Bc1 g5 12. g4 h5 13. Nxg5 hxg4 14. Nxe6 fxe6
15. hxg4 Kd7 16. f3 Qg8 17. Kg2 Rh4 18. Rh1 Nxg4 19. Qg1 Rf8 20. Rxh4 Bxh4 21.
f4 Ne3+ 22. Kh1 Qxg1+ 23. Kxg1 Nxc2 24. Rb1 exf4 25. Rb2 Nd4 26. Kf1 Bg3 27.
Rg2 e5 28. Ba3 Rf6 29. Nxd6 Rxd6 30. Bxd6 Kxd6 31. Rg1 Kc5 32. Kg2 f3+ 33. Kxg3
Ne2+ 34. Kf2 Nxg1 35. Kxg1 Kd4 36. Kf2 Kxd3 37. Kxf3 a5 38. a3 b5 0-1

[Event "IV Open Internacional Calvia"]
[Site "Calvia"]
[Date "2007.10.19"]
[Round "5.53"]
[White "Schmitz, Manuela"]
[Black "Sparreboom, Willem"]
[Result "0-1"]
[WhiteElo "2035"]
[BlackElo "1960"]
[PlyCount "62"]
[EventDate "2007.??.??"]

1. d4 d5 2. c4 dxc4 3. Nf3 Nf6 4. Nc3 Bf5 5. e3 e6 6. Bxc4 a6 7. Qb3 b5 8. Be2
Nbd7 9. Nh4 b4 10. Na4 Be4 11. O-O Bd6 12. Bd3 O-O 13. Bxe4 Nxe4 14. Nf3 Qe7
15. Qd3 f5 16. b3 Rf6 17. Nb2 Rh6 18. g3 g5 19. Nc4 g4 20. Nfe5 Bxe5 21. Nxe5
Nxe5 22. dxe5 Ng5 23. Kg2 Qe8 24. Rh1 Qc6+ 25. e4 Nxe4 26. f3 gxf3+ 27. Qxf3
Qc2+ 28. Kg1 Rg6 29. Bf4 Rd8 30. h4 Rd3 31. Qg2 Rdxg3 0-1

[Event "IV Open Internacional Calvia"]
[Site "Calvia"]
[Date "2007.10.19"]
[Round "5.56"]
[White "Lucena Cifre, Rafael Jose"]
[Black "Cortes, Eduardo"]
[Result "0-1"]
[WhiteElo "1922"]
[BlackElo "2106"]
[PlyCount "76"]
[EventDate "2007.??.??"]

1. d4 d5 2. c4 c6 3. Nc3 Nf6 4. Nf3 dxc4 5. a4 Bg4 6. e3 e6 7. Bxc4 Bb4 8. O-O
O-O 9. h3 Bh5 10. Be2 Nbd7 11. Qb3 Qb6 12. Rd1 Rfd8 13. Bd2 c5 14. Rac1 cxd4
15. exd4 Rac8 16. Be3 Bxc3 17. Rxc3 Nd5 18. Qxb6 N7xb6 19. Rxc8 Rxc8 20. a5
Nxe3 21. fxe3 Nd5 22. Kf2 Kf8 23. Bd3 Nb4 24. Be4 Bg6 25. Bxg6 hxg6 26. Ke2
Rc2+ 27. Rd2 Rc1 28. Rd1 Rc2+ 29. Rd2 Rc1 30. Rd1 Rxd1 31. Kxd1 Nc6 32. a6 b6
33. Kd2 Nb8 34. Ne5 g5 35. Kc3 f6 36. Nc4 Nxa6 37. Nd6 Nc7 38. b4 Nd5+ 0-1

[Event "IV Open Internacional Calvia"]
[Site "Calvia"]
[Date "2007.10.19"]
[Round "5.57"]
[White "Strikovic, Maja"]
[Black "Wahl, Peter"]
[Result "1/2-1/2"]
[WhiteElo "1917"]
[BlackElo "2100"]
[PlyCount "84"]
[EventDate "2007.??.??"]

1. e4 d5 2. exd5 Qxd5 3. Nc3 Qa5 4. d4 Nf6 5. Bc4 Bf5 6. Nf3 c6 7. Bf4 Nd5 8.
Bd2 Qd8 9. Nxd5 cxd5 10. Bb5+ Bd7 11. Bxd7+ Qxd7 12. Ne5 Qb5 13. Bc3 Nd7 14.
Nxd7 Qxd7 15. O-O e6 16. Re1 Bd6 17. Re3 Qc7 18. Qh5 g6 19. Qxd5 O-O-O 20. Qa5
Bxh2+ 21. Kh1 Rd5 22. Qxc7+ Bxc7 23. g3 h5 24. Kg2 h4 25. Rh1 g5 26. Re4 Kd7
27. Rg4 Bd8 28. gxh4 f5 29. Rg3 g4 30. h5 Bc7 31. Rd3 f4 32. h6 f3+ 33. Kf1 Bf4
34. Bd2 e5 35. Bxf4 exf4 36. Rh4 Rg5 37. d5 Rg6 38. h7 Rg7 39. Rd4 Rhxh7 40.
Rxh7 Rxh7 41. Kg1 Rf7 42. c4 g3 1/2-1/2

[Event "IV Open Internacional Calvia"]
[Site "Calvia"]
[Date "2007.10.19"]
[Round "5.58"]
[White "Ensenat Calafell, Jose Luis"]
[Black "Oliver Serrano, Angel"]
[Result "0-1"]
[WhiteElo "1782"]
[BlackElo "2094"]
[PlyCount "46"]
[EventDate "2007.??.??"]

1. e4 c5 2. Nc3 Nc6 3. f4 g6 4. Nf3 Bg7 5. Bb5 Nd4 6. O-O Nxb5 7. Nxb5 Nf6 8.
d3 O-O 9. Qe1 d5 10. Nc3 d4 11. Ne2 b6 12. Ng3 e6 13. Nh4 Ng4 14. Nf3 f5 15. e5
Bb7 16. h3 Nh6 17. b3 Nf7 18. Ng5 Nxg5 19. fxg5 Qd5 20. Qe2 Bxe5 21. Bf4 Bxf4
22. Rxf4 e5 23. Rf2 Rae8 0-1

[Event "IV Open Internacional Calvia"]
[Site "Calvia"]
[Date "2007.10.19"]
[Round "5.59"]
[White "Lie, Terje"]
[Black "Ruprich, Udo"]
[Result "0-1"]
[WhiteElo "1742"]
[BlackElo "2053"]
[PlyCount "102"]
[EventDate "2007.??.??"]

1. d4 Nf6 2. c4 d6 3. Nc3 g6 4. Nf3 Bg7 5. Bf4 Nh5 6. Bd2 Bg4 7. e3 Nc6 8. Be2
O-O 9. O-O e5 10. d5 Ne7 11. e4 f5 12. Ng5 Bxe2 13. Nxe2 Qd7 14. f3 f4 15. Qe1
Bf6 16. Ne6 Rf7 17. g4 fxg3 18. hxg3 Ng7 19. Nxg7 Bxg7 20. Kg2 Raf8 21. Ng1 h6
22. Be3 g5 23. b3 Ng6 24. Rc1 g4 25. c5 gxf3+ 26. Rxf3 Qg4 27. Rxf7 Rxf7 28.
Kh2 Qxe4 29. cxd6 cxd6 30. Bxa7 Qxd5 31. Rd1 Qc6 32. Qd2 Bf8 33. Bb8 Kg7 34.
Nh3 Rd7 35. Qd5 Rd8 36. Ba7 Ra8 37. Bf2 Rxa2 38. b4 Rb2 39. g4 Rxb4 40. Qe6 Nf4
41. Nxf4 Rxf4 42. Be3 Rf6 43. Bxh6+ Rxh6+ 44. Qxh6+ Kxh6 45. Kg3 Qc3+ 46. Kh4
Be7+ 47. g5+ Bxg5+ 48. Kg4 Qc4+ 49. Kf3 e4+ 50. Kg3 Qc3+ 51. Kg4 Qf3# 0-1

[Event "IV Open Internacional Calvia"]
[Site "Calvia"]
[Date "2007.10.19"]
[Round "5.60"]
[White "Pettersen, Joar Gullestad"]
[Black "Russo, Carmelo"]
[Result "1-0"]
[WhiteElo "2027"]
[BlackElo "1702"]
[PlyCount "53"]
[EventDate "2007.??.??"]

1. d4 Nf6 2. c4 g6 3. Nc3 d5 4. cxd5 Nxd5 5. Bd2 Nf6 6. Bg5 Nd5 7. Qb3 Nxc3 8.
Qxc3 Bg7 9. e3 O-O 10. Nf3 Nd7 11. Qa3 Re8 12. Be2 Nf6 13. O-O Bf5 14. Rac1 h6
15. Bf4 Nd5 16. Bg3 c6 17. Rfd1 Be4 18. Nd2 Nf6 19. Nb3 Bf5 20. Nc5 Qc8 21. f3
Nh5 22. Bf2 b6 23. Na6 Be6 24. d5 Bd7 25. dxc6 Bxc6 26. Nb4 Qb7 27. Ba6 1-0

[Event "IV Open Internacional Calvia"]
[Site "Calvia"]
[Date "2007.10.19"]
[Round "5.61"]
[White "Dominguez Garcia, Juan Antonio"]
[Black "Kuenitz, Klaus"]
[Result "1-0"]
[WhiteElo "2001"]
[BlackElo "1695"]
[PlyCount "35"]
[EventDate "2007.??.??"]

1. e4 e6 2. d4 d5 3. Nc3 dxe4 4. Nxe4 Nd7 5. Bd3 Ngf6 6. Qe2 c5 7. Nxf6+ Nxf6
8. dxc5 Bxc5 9. Bg5 Be7 10. O-O-O Qa5 11. Bxf6 Bxf6 12. Bb5+ Kf8 13. Kb1 a6 14.
Bc4 b5 15. Bb3 Bb7 16. Nf3 Bxf3 17. Qxf3 Ke7 18. Qb7+ 1-0

[Event "IV Open Internacional Calvia"]
[Site "Calvia"]
[Date "2007.10.19"]
[Round "5.63"]
[White "Levine, Yonatan"]
[Black "Dominguez Almansa, Flora"]
[Result "1-0"]
[WhiteElo "1984"]
[BlackElo "1408"]
[PlyCount "75"]
[EventDate "2007.??.??"]

1. Nf3 Nf6 2. g3 d6 3. Bg2 e5 4. d3 Be7 5. O-O O-O 6. Nc3 c6 7. e4 Nbd7 8. Nh4
Nb6 9. a4 a5 10. Nf5 Be6 11. Be3 Re8 12. Nxe7+ Rxe7 13. f4 Bg4 14. Qe1 Re8 15.
f5 d5 16. Bg5 Qd6 17. Bxf6 Qxf6 18. h3 Bxh3 19. Bxh3 h6 20. Qf2 d4 21. Ne2 Nd7
22. g4 Qg5 23. Ng3 Nf6 24. Qf3 Rac8 25. Kh2 c5 26. Nh5 Kh7 27. b3 Rg8 28. Rad1
Rcd8 29. Rf2 Ne8 30. Ng3 g6 31. Rdf1 Ng7 32. Qe2 gxf5 33. Nxf5 Ne6 34. Ng3 Nf4
35. Qf3 b6 36. Nh5 Nxh5 37. gxh5 f6 38. Qf5+ 1-0

[Event "IV Open Internacional Calvia"]
[Site "Calvia"]
[Date "2007.10.19"]
[Round "5.65"]
[White "Baldo Company, Jordi"]
[Black "Moreno Mateos, Jose Luis"]
[Result "0-1"]
[WhiteElo "1728"]
[BlackElo "1931"]
[PlyCount "31"]
[EventDate "2007.??.??"]

1. d4 Nf6 2. Nf3 d5 3. g3 e6 4. Bg2 c5 5. c3 Nc6 6. O-O b5 7. Bg5 h6 8. Bf4 g5
9. Ne5 Ne7 10. Bd2 Nf5 11. Na3 Qb6 12. Nc2 a5 13. Re1 cxd4 14. Nxd4 Nxd4 15.
Bxg5 hxg5 16. cxd4 0-1

[Event "IV Open Internacional Calvia"]
[Site "Calvia"]
[Date "2007.10.19"]
[Round "5.67"]
[White "Alemany Jara, Alejandro"]
[Black "Bondielli, Giorgio"]
[Result "1/2-1/2"]
[WhiteElo "1559"]
[BlackElo "1944"]
[PlyCount "47"]
[EventDate "2007.??.??"]

1. e4 e5 2. Nf3 Nf6 3. Nxe5 d6 4. Nf3 Nxe4 5. d3 Nf6 6. Be2 Be7 7. O-O O-O 8.
Re1 Nc6 9. Bg5 Bg4 10. Nbd2 Qd7 11. Bf1 Rfe8 12. h3 Bh5 13. c3 Nd5 14. Bxe7
Rxe7 15. Rxe7 Ncxe7 16. Qc2 Re8 17. Re1 Nc6 18. Rxe8+ Qxe8 19. Qa4 Kf8 20. d4
a6 21. Bd3 Nf4 22. Bxh7 Qe2 23. Bc2 Bxf3 24. Nxf3 1/2-1/2

[Event "IV Open Internacional Calvia"]
[Site "Calvia"]
[Date "2007.10.20"]
[Round "6.1"]
[White "Mikhalevski, Victor"]
[Black "Mamedov, Rauf"]
[Result "1-0"]
[WhiteElo "2584"]
[BlackElo "2582"]
[PlyCount "59"]
[EventDate "2007.??.??"]

1. d4 d6 2. Nf3 g6 3. c4 Bg7 4. Nc3 Nf6 5. e4 Bg4 6. Be2 Nfd7 7. Be3 c5 8. d5
Na6 9. Qd2 Nc7 10. Bh6 O-O 11. h4 Bxf3 12. gxf3 e5 13. dxe6 Nxe6 14. Bxg7 Kxg7
15. Qxd6 Qb6 16. Qd2 Rad8 17. Nd5 Qd6 18. O-O-O Qe5 19. f4 Qxe4 20. f3 Qf5 21.
h5 Nf6 22. Bd3 Rxd5 23. cxd5 Qxd5 24. hxg6 fxg6 25. f5 gxf5 26. Qh6+ Kf7 27.
Kb1 c4 28. Bc2 Qc5 29. Rhe1 Rg8 30. Rd7+ 1-0

[Event "IV Open Internacional Calvia"]
[Site "Calvia"]
[Date "2007.10.20"]
[Round "6.2"]
[White "Wojtaszek, Radoslaw"]
[Black "Movsziszian, Karen"]
[Result "1/2-1/2"]
[WhiteElo "2635"]
[BlackElo "2531"]
[PlyCount "95"]
[EventDate "2007.??.??"]

1. d4 d6 2. Nf3 g6 3. c4 Bg7 4. g3 Nf6 5. Bg2 O-O 6. O-O c6 7. Nc3 Qa5 8. e4 e5
9. h3 exd4 10. Nxd4 Qc5 11. Nb3 Qb4 12. Re1 a5 13. Nd2 a4 14. a3 Qa5 15. Nf3
Rd8 16. Bd2 Qa7 17. Be3 Qa5 18. Bd2 Qa7 19. Bf4 Ne8 20. Bg5 f6 21. Be3 Qa5 22.
Nd4 Nc7 23. b4 axb3 24. Qxb3 Nba6 25. c5+ Kh8 26. cxd6 Rxd6 27. Rad1 Nc5 28.
Qb4 Bf8 29. Bf4 Rd7 30. Qxa5 Rxa5 31. Nxc6 bxc6 32. Rxd7 Bxd7 33. Bxc7 Rxa3 34.
Ne2 Nd3 35. Rb1 c5 36. Nf4 c4 37. Bf1 Bc5 38. Nxd3 cxd3 39. Bf4 Kg8 40. Rb7 Be6
41. Bh6 g5 42. Rg7+ Kh8 43. Rb7 Kg8 44. Rg7+ Kh8 45. Rb7 d2 46. Rb8+ Bg8 47.
Bc4 d1=Q+ 48. Kh2 1/2-1/2

[Event "IV Open Internacional Calvia"]
[Site "Calvia"]
[Date "2007.10.20"]
[Round "6.4"]
[White "Farrell, Neil"]
[Black "Malakhatko, Vadim"]
[Result "0-1"]
[WhiteElo "2194"]
[BlackElo "2596"]
[PlyCount "86"]
[EventDate "2007.??.??"]

1. d4 Nf6 2. c4 e6 3. Nc3 Bb4 4. Qc2 c5 5. dxc5 Bxc5 6. Nf3 Qb6 7. e3 Qc7 8.
Bd2 b6 9. Ne4 Be7 10. Bc3 Bb7 11. Nxf6+ Bxf6 12. Bxf6 gxf6 13. Qc3 Ke7 14.
O-O-O Nc6 15. Be2 Rhg8 16. g3 Ne5 17. Nxe5 Qxe5 18. Qxe5 fxe5 19. Rhe1 Rac8 20.
b3 Rg6 21. Rd2 Be4 22. Kb2 Rh6 23. h4 Rf6 24. Bf1 Rg6 25. Bd3 Bxd3 26. Rxd3 f5
27. Red1 Rc7 28. a4 f4 29. exf4 exf4 30. Re1 fxg3 31. fxg3 d6 32. Kc3 e5 33.
Re4 Ke6 34. g4 h6 35. Kd2 Rf7 36. Rg3 Rf2+ 37. Re2 Rf1 38. Kd3 Rh1 39. h5 Rxh5
40. Re4 a5 41. Kc3 Rh2 42. Ree3 Rh4 43. Re4 h5 0-1

[Event "IV Open Internacional Calvia"]
[Site "Calvia"]
[Date "2007.10.20"]
[Round "6.5"]
[White "Godena, Michele"]
[Black "Hamdouchi, Hichem"]
[Result "1/2-1/2"]
[WhiteElo "2535"]
[BlackElo "2576"]
[PlyCount "34"]
[EventDate "2007.??.??"]

1. e4 d6 2. d4 Nf6 3. Nd2 e5 4. c3 g6 5. Ngf3 exd4 6. cxd4 Bg7 7. Bd3 O-O 8.
O-O Nc6 9. h3 a5 10. Re1 Nd7 11. d5 Nce5 12. Bf1 a4 13. Rb1 Nxf3+ 14. Nxf3 Nc5
15. Bg5 f6 16. Bd2 Re8 17. Qc2 Bd7 1/2-1/2

[Event "IV Open Internacional Calvia"]
[Site "Calvia"]
[Date "2007.10.20"]
[Round "6.7"]
[White "Berg, Emanuel"]
[Black "Wirig, Anthony"]
[Result "1-0"]
[WhiteElo "2593"]
[BlackElo "2467"]
[PlyCount "71"]
[EventDate "2007.??.??"]

1. e4 c5 2. Nf3 e6 3. d4 cxd4 4. Nxd4 a6 5. Bd3 Ne7 6. f4 Nec6 7. Nf3 d6 8. O-O
Nd7 9. Nc3 Nc5 10. Be2 b5 11. a3 Be7 12. Be3 Bb7 13. Qd2 O-O 14. Rad1 Qc7 15.
b4 Nd7 16. e5 d5 17. Nd4 Rfe8 18. Bd3 Nxd4 19. Bxd4 Bf8 20. Rf3 g6 21. h4 Bg7
22. h5 Nb6 23. Qf2 Nc4 24. Rh3 Qd8 25. hxg6 hxg6 26. Bxc4 bxc4 27. Bb6 Qb8 28.
Qh4 Rc8 29. Kf2 Kf8 30. Ne4 Rc6 31. Bc5+ Rxc5 32. Nxc5 Bc6 33. Rdh1 Qd8 34. Qg4
Kg8 35. Rh7 Qe7 36. Rxg7+ 1-0

[Event "IV Open Internacional Calvia"]
[Site "Calvia"]
[Date "2007.10.20"]
[Round "6.9"]
[White "Zugic, Igor"]
[Black "Spraggett, Kevin"]
[Result "1/2-1/2"]
[WhiteElo "2477"]
[BlackElo "2580"]
[PlyCount "60"]
[EventDate "2007.??.??"]

1. d4 Nf6 2. c4 e6 3. Nf3 b6 4. g3 Bb4+ 5. Bd2 a5 6. Bg2 Ba6 7. b3 d5 8. a3 Be7
9. cxd5 exd5 10. Nc3 O-O 11. O-O Bb7 12. Bf4 Re8 13. Qc2 Na6 14. Rfd1 h6 15.
Ne5 Bf8 16. Bh3 Qe7 17. Na4 b5 18. Nc3 c6 19. Re1 b4 20. axb4 Nxb4 21. Qc1 c5
22. Be3 Ra6 23. Na4 Ne4 24. Nf3 cxd4 25. Nxd4 Ng5 26. Bxg5 hxg5 27. Qd2 g6 28.
Rac1 Bg7 29. e3 Raa8 30. Red1 Bc8 1/2-1/2

[Event "IV Open Internacional Calvia"]
[Site "Calvia"]
[Date "2007.10.20"]
[Round "6.11"]
[White "Arencibia, Rodriguez Walter"]
[Black "Carlsson, Pontus"]
[Result "1-0"]
[WhiteElo "2562"]
[BlackElo "2481"]
[PlyCount "219"]
[EventDate "2007.??.??"]

1. d4 Nf6 2. Nf3 e6 3. c4 b6 4. g3 Ba6 5. Qa4 Bb7 6. Bg2 c5 7. dxc5 Bxc5 8. O-O
O-O 9. Nc3 Be7 10. Rd1 a6 11. Bf4 d6 12. Rac1 Qc7 13. Ng5 Bxg2 14. Kxg2 Nbd7
15. Nge4 Nxe4 16. Nxe4 Nc5 17. Nxc5 bxc5 18. f3 Rfb8 19. Qc2 Qc6 20. Rd3 Rd8
21. Rcd1 d5 22. cxd5 exd5 23. e4 dxe4 24. Rxd8+ Rxd8 25. Rxd8+ Bxd8 26. Qxe4
Qxe4 27. fxe4 f6 28. Kf3 Kf7 29. Ke3 Ke6 30. Kd3 Kd7 31. Kc4 Kc6 32. g4 g6 33.
Bg3 Be7 34. h3 h5 35. gxh5 gxh5 36. b3 Bd8 37. Bh4 Kd6 38. Kd3 Be7 39. Bg3+ Ke6
40. Kc4 Bd6 41. Be1 Ke5 42. Bg3+ Ke6 43. Bh4 Ke5 44. Kd3 Ke6 45. Kc4 Ke5 46.
Bg3+ Ke6 47. Be1 Ke5 48. Bc3+ Ke6 49. a4 Be7 50. Bb2 Kd6 51. Kd3 Ke6 52. Kc4
Kd6 53. Bc3 Ke6 54. Kd3 Bd6 55. Be1 Kd7 56. Bf2 Be7 57. Kc4 Kc6 58. Be3 Bf8 59.
Kd3 Bg7 60. Bf2 Bh6 61. Kc4 Bf8 62. Bh4 Bg7 63. a5 Kd6 64. Bf2 Kc6 65. Bxc5 Bh6
66. Bd4 Bg5 67. b4 Bh4 68. Bc3 Bg5 69. Be1 Bf4 70. Bf2 Bd6 71. Bd4 Be7 72. Bc5
Bd8 73. Bf8 Bc7 74. Bh6 Bd6 75. Be3 Bc7 76. Bf2 Bd6 77. Bb6 Be7 78. Bd4 Bd8 79.
Bb2 Be7 80. Bc3 Bd8 81. Kd4 Be7 82. Ke3 Kd7 83. Kf3 Ke6 84. Kf4 Bd6+ 85. Ke3 f5
86. exf5+ Kxf5 87. Kd4 Ke6 88. Kc4 Kd7 89. b5 axb5+ 90. Kxb5 Kc7 91. a6 Bg3 92.
Ba5+ Kb8 93. Bb6 Ka8 94. Kc6 Kb8 95. Kd5 Ka8 96. Ke4 h4 97. Kf3 Kb8 98. Kg4 Ka8
99. Bd8 Ka7 100. Bxh4 Be5 101. Bf2+ Kxa6 102. Kf5 Bc3 103. h4 Bd2 104. h5 Kb7
105. Bh4 Kc6 106. Bg5 Bc3 107. Ke6 Bg7 108. Kf7 Be5 109. h6 Kd7 110. h7 1-0

[Event "IV Open Internacional Calvia"]
[Site "Calvia"]
[Date "2007.10.20"]
[Round "6.14"]
[White "Arakhamia-Grant, Ketevan"]
[Black "Romanishin, Oleg M"]
[Result "1/2-1/2"]
[WhiteElo "2432"]
[BlackElo "2547"]
[PlyCount "56"]
[EventDate "2007.??.??"]

1. e4 e5 2. Nf3 Nc6 3. Bb5 a6 4. Ba4 Nf6 5. O-O Be7 6. Re1 d6 7. c3 Bg4 8. d3
Nd7 9. Nbd2 Nc5 10. Bxc6+ bxc6 11. Nf1 Ne6 12. h3 Bxf3 13. Qxf3 O-O 14. Be3 c5
15. Nd2 Rb8 16. Nc4 Bg5 17. a4 g6 18. Rab1 Bxe3 19. fxe3 Qe8 20. b3 f6 21. Rf1
Kh8 22. Qg4 Ng7 23. d4 cxd4 24. exd4 exd4 25. cxd4 f5 26. exf5 Nxf5 27. d5 Qe7
28. Rf3 Qg7 1/2-1/2

[Event "IV Open Internacional Calvia"]
[Site "Calvia"]
[Date "2007.10.20"]
[Round "6.15"]
[White "Sveshnikov, Vladimir"]
[Black "Jedynak, Radoslaw"]
[Result "1-0"]
[WhiteElo "2366"]
[BlackElo "2543"]
[PlyCount "53"]
[EventDate "2007.??.??"]

1. e4 c5 2. c3 Qa5 3. Nf3 Nc6 4. Na3 e6 5. Nc4 Qc7 6. d4 cxd4 7. Nxd4 a6 8. a4
Nf6 9. Nxc6 Qxc6 10. e5 Nd5 11. Be2 b6 12. Ne3 Nxe3 13. Bxe3 Bb7 14. Bf3 Qc7
15. O-O Be7 16. Bxb7 Qxb7 17. Qg4 g5 18. Qh5 Rc8 19. f4 Qe4 20. Rae1 g4 21. f5
exf5 22. Bd4 Qc6 23. e6 Rf8 24. exd7+ Kxd7 25. Qxf5+ Kd8 26. Rxe7 Kxe7 27. Bf6+
1-0